Κυρίλλου Αλεξανδρείας : άπαντα τα έργα

Αποθηκεύτηκε σε:
Λεπτομέρειες βιβλιογραφικής εγγραφής
Κύριος συγγραφέας: Κύριλλος Αλεξάνδρειας, π. 370-444
Άλλοι συγγραφείς: Μερετάκης, Ελευθέριος (edt [Επιμελητής]), Σακαλής, Ιγνάτιος Μ. (trl [Μεταφραστής])
Μορφή: Βιβλίο
Γλώσσα:Greek
Ancient Greek
Δημοσίευση: Θεσσαλονίκη : Το Βυζάντιον, 1999-2005.
Σειρά:Έλληνες Πατέρες της Εκκλησίας ; 18-26, 132
Θέματα:
Ετικέτες: Προσθήκη ετικέτας
Δεν υπάρχουν, Καταχωρήστε ετικέτα πρώτοι!

MARC

LEADER 00000cam a2200000 i 4500
001 1/80951
008 050713m19992006gr | ||| |||| ||gre||
035 |l 10079151 
040 |a GR-MyUa  |b gre  |e AACR2 
041 0 |a gre  |a grc 
082 7 |a 270.092   |2 (22) 
100 0 |a Κύριλλος Αλεξάνδρειας,   |d π. 370-444. 
245 1 0 |a Κυρίλλου Αλεξανδρείας :   |b άπαντα τα έργα /   |c [Κύριλλος Αλεξανδρείας] ; επόπτης - επιμελητής εκδόσεως Ελευθ. Γ. Μερετάκης ; κείμενο - μετάφραση - σχόλια από τον Σακαλή Ιγνάτιο. 
260 |a Θεσσαλονίκη :   |b Το Βυζάντιον,   |c 1999-2005. 
300 |a 26 τ. ;   |c 22 εκ. 
490 1 |a (Έλληνες Πατέρες της Εκκλησίας ;   |v 18-26, 132) 
505 8 |a T. 1. Περί της εν Πνεύματι και αληθεία προσκυνήσεως και λατρείας (λόγοι Α'-ΣΤ') -- τ. 2. Περί της εν Πνεύματι και αληθεία προσκυνήσεως και λατρείας (λόγοι Ζ'-ΙΑ') -- τ. 3. Περί της εν Πνεύματι και αληθεία προσκυνήσεως και λατρείας (λόγοι ΙΒ'-ΙΖ) -- τ. 4. Γλαφυρά εις την Γένεσιν (λόγοι Α'-Ζ') -- τ. 5. Γλαφυρά εις την έξοδον (λόγοι Α'-Γ') -- τ. 6. Βίβλος των θησαυρών περί της Αγίας και Ομοούσιου Τριάδος (λόγοι Α'-ΙΘ') -- τ. 7. Βίβλος των θησαυρών περί της Αγίας και Ομοούσιου Τριάδος (λόγοι Κ'-ΛΕ') -- τ. 8. Περί της Αγίας και Ομοούσιου Τριάδος (λόγοι Α'-Ε') -- τ. 9. Της Αγίας και Ομοούσιου Τριάδος (λόγοι ΣΤ'-Ζ') -- τ. 10. Περί της ενανθρωπήσεως του Θεού λόγου -- τ. 11. Κατά Ιουλιανού (λόγοι Α'-Γ') -- τ. 12. Κατά Ιουλιανού (λόγοι Δ'-Ι') -- τ. 13. Κατά ανθρωπομορφιτών -- τ. 14. Υπόμνημα εις τους Ψαλμούς (Ψαλμοί Α'-Μ') -- τ. 15. Υπόμνημα εις τους Ψαλμούς (Ψαλμοί ΜΑ'-ΡΙΘ') -- τ. 16. Υπόμνημα εις τον Ησαΐαν (Βιβλίον Α') -- τ. 17. Υπόμνημα εις τον Ησαΐαν (Βιβλίον Β'-Γ') -- τ. 18. Υπόμνημα εις τον Ησαΐαν (Βιβλίον Δ'-Ε') -- τ. 19. Υπόμνημα εις τον Ησαϊαν (Βιβλίον Δ'-Ε') -- τ. 20. Υπόμνημα εις τον Ησαϊαν (Βιβλίον Ε'- ΣΤ') -- τ. 21. Υπόμνημα εις τον προφήτην Ωσηέ (Λόγοι Α'-Ζ') -- τ. 22. Υπόμνημα εις τους προφήτας Αμώς - Ιωήλ - Μιχαίαν -- τ. 23. Υπόμνημα εις τους προφήτας Αββακούμ - Οβδιού - Ναούμ - Σοφονία - Μαλαχίας -- τ. 24. Υπόμνημα εις τους προφήτας Ζαχαρίαν - Ιωνάς - Αγγαίον -- τ. 25. Υπόμνημα εις το κατά Ματθαίον. Εις το κατά Λουκάν Α' -- τ. 26. Υπόμνημα εις το κατά Λουκάν Β'. Εις το κατά Ιωάννην Α' -- τ. 27. Υπόμνημα εις το κατά Ιωάννην Ευαγγέλιον λόγοι Β' και Γ' -- τ. 28. Υπόμνημα εις το κατά Ιωάννην Ευαγγέλιον λόγοι Δ' και Ε'τ.5-9 -- Ερμείου Σωζομένου Σαλαμινίου: άπαντα τα έργα, 2. 
650 0 |a Theology  |x Early works to 1800. 
650 0 |a Apologetics  |v Early works to 1800. 
700 1 |a Μερετάκης, Ελευθέριος,  |e edt [Επιμελητής] 
700 1 |a Σακαλής, Ιγνάτιος Μ.  |e trl [Μεταφραστής] 
830 0 |a Έλληνες Πατέρες της Εκκλησίας ;  |v 18-26, 132 
852 |a INST  |b RHODES  |c KRI  |e 20050713  |h  270.092 ΚΥΡ  |p 005400023351  |q 005400023351  |t BK  |v τ.22:  |y 0  |z τ.22 
852 |a INST  |b RHODES  |c KRI  |e 20050713  |h  270.092 ΚΥΡ  |p 005400023353  |q 005400023353  |t BK  |v τ.18:  |y 0  |z τ.18 
852 |a INST  |b RHODES  |c KRI  |e 20061220  |h  270.092 ΚΥΡ  |p 005400024789  |q 005400024789  |t BK  |v τ.24:  |y 0  |z τ.24 
852 |a INST  |b RHODES  |c KRI  |e 20061220  |h  270.092 ΚΥΡ  |p 005400024790  |q 005400024790  |t BK  |v τ.25:  |y 0  |z τ.25 
852 |a INST  |b RHODES  |c KRI  |e 20061220  |h  270.092 ΚΥΡ  |p 005400024791  |q 005400024791  |t BK  |v τ.23:  |y 0  |z τ.23 
852 |a INST  |b RHODES  |c KRI  |e 20061220  |h  270.092 ΚΥΡ  |p 005400024792  |q 005400024792  |t BK  |v τ.26:  |y 0  |z τ.26 
852 |a INST  |b RHODES  |c KRI  |e 20070117  |h  270.092 ΚΥΡ  |p 005400027172  |q 005400027172  |t BK  |v τ.7:  |y 0  |z τ.7 
852 |a INST  |b RHODES  |c KRI  |e 20070117  |h  270.092 ΚΥΡ  |p 005400027173  |q 005400027173  |t BK  |v τ.8:  |y 0  |z τ.8 
852 |a INST  |b RHODES  |c KRI  |e 20070117  |h  270.092 ΚΥΡ  |p 005400027174  |q 005400027174  |t BK  |v τ.13:  |y 0  |z τ.13 
852 |a INST  |b RHODES  |c KRI  |e 20070117  |h  270.092 ΚΥΡ  |p 005400027175  |q 005400027175  |t BK  |v τ.12:  |y 0  |z τ.12 
852 |a INST  |b RHODES  |c KRI  |e 20070117  |h  270.092 ΚΥΡ  |p 005400027176  |q 005400027176  |t BK  |v τ.16:  |y 0  |z τ.16 
852 |a INST  |b RHODES  |c KRI  |e 20070117  |h  270.092 ΚΥΡ  |p 005400027177  |q 005400027177  |t BK  |v τ.9:  |y 0  |z τ.9 
852 |a INST  |b RHODES  |c KRI  |e 20070117  |h  270.092 ΚΥΡ  |p 005400027178  |q 005400027178  |t BK  |v τ.10:  |y 0  |z τ.10 
852 |a INST  |b RHODES  |c KRI  |e 20070117  |h  270.092 ΚΥΡ  |p 005400027179  |q 005400027179  |t BK  |v τ.2:  |y 0  |z τ.2 
852 |a INST  |b RHODES  |c KRI  |e 20070117  |h  270.092 ΚΥΡ  |p 005400027180  |q 005400027180  |t BK  |v τ.1:  |y 0  |z τ.1 
852 |a INST  |b RHODES  |c KRI  |e 20070117  |h  270.092 ΚΥΡ  |p 005400027181  |q 005400027181  |t BK  |v τ.6:  |y 0  |z τ.6 
852 |a INST  |b RHODES  |c KRI  |e 20070117  |h  270.092 ΚΥΡ  |p 005400027182  |q 005400027182  |t BK  |v τ.5:  |y 0  |z τ.5 
852 |a INST  |b RHODES  |c KRI  |e 20070117  |h  270.092 ΚΥΡ  |p 005400027183  |q 005400027183  |t BK  |v τ.4:  |y 0  |z τ.4 
852 |a INST  |b RHODES  |c KRI  |e 20070117  |h  270.092 ΚΥΡ  |p 005400027184  |q 005400027184  |t BK  |v τ.14:  |y 0  |z τ.14 
852 |a INST  |b RHODES  |c KRI  |e 20070117  |h  270.092 ΚΥΡ  |p 005400027185  |q 005400027185  |t BK  |v τ.15:  |y 0  |z τ.15 
852 |a INST  |b RHODES  |c KRI  |e 20070117  |h  270.092 ΚΥΡ  |p 005400027186  |q 005400027186  |t BK  |v τ.17:  |y 0  |z τ.17 
852 |a INST  |b RHODES  |c KRI  |e 20070117  |h  270.092 ΚΥΡ  |p 005400027187  |q 005400027187  |t BK  |v τ.11:  |y 0  |z τ.11 
852 |a INST  |b RHODES  |c KRI  |e 20070117  |h  270.092 ΚΥΡ  |p 005400027188  |q 005400027188  |t BK  |v τ.3:  |y 0  |z τ.3 
852 |a INST  |b RHODES  |c KRI  |e 20050713  |h  270.092 ΚΥΡ  |p 005400028166  |q 005400028166  |t BK  |v τ.21:  |y 0  |z τ.21 
852 |a INST  |b RHODES  |c KRI  |e 20050713  |h  270.092 ΚΥΡ  |p 005400028167  |q 005400028167  |t BK  |v τ.20:  |y 0  |z τ.20 
852 |a INST  |b RHODES  |c KRI  |e 20050713  |h  270.092 ΚΥΡ  |p 005400028172  |q 005400028172  |t BK  |v τ.19:  |y 0  |z τ.19 
852 |a INST  |b RHODES  |c KRI  |e 20081011  |h  270.092 ΚΥΡ  |p 005400030675  |q 005400030675  |t BK  |v τ.27:  |y 0  |z τ.27 
852 |a INST  |b RHODES  |c KRI  |e 20081011  |h  270.092 ΚΥΡ  |p 005400030677  |q 005400030677  |t BK  |v τ.28:  |y 0  |z τ.28 
853 |a INST  |b RHODES  |c KRI  |h  270.092 ΚΥΡ 
901 |a BIBL4-2005-2 
970 |a ΣΙΔΕΡΗ  |b ΝΕΚΤΑΡΙΑ  |z 2005/07/13